书目信息 |
| 题名: |
Photoshop数码照片处理一学就会
|
|
| 作者: | 黄忠 主编 | |
| 分册: | ||
| 出版信息: | 成都 电子科技大学出版社 2007.03 |
|
| 页数: | 199页 | |
| 开本: | 19cm | |
| 丛书名: | 非常魔法 | |
| 单 册: | ||
| 中图分类: | TP391.41 | |
| 科图分类: | ||
| 主题词: | 图形软件--tu xing ruan jian--Photoshop | |
| 电子资源: | ||
| ISBN: | 978-7-81114-321-8 | |
| 000 | 00843nam 2200241 450 | |
| 001 | 012007252093 | |
| 005 | 20071010152034.75 | |
| 010 | @a978-7-81114-321-8@dCNY12.00 | |
| 100 | @a20070817d2007 km y0chiy0120 ea | |
| 101 | 0 | @achi |
| 102 | @aCN@b510000 | |
| 105 | @aa z 000yy | |
| 200 | 1 | @aPhotoshop数码照片处理一学就会@APhotoshop shu ma zhao pian chu li yi xue jiu hui@f黄忠主编@Fhuang zhong zhu bian |
| 210 | @a成都@c电子科技大学出版社@d2007.03 | |
| 215 | @a199页@c图@d19cm | |
| 225 | 2 | @a非常魔法@Afei chang mo fa |
| 330 | @a本套魔法系列内容浅显易懂、丰富、实用、全面,注重技能的培养,实用性强。图文配合,步骤详实,解析清晰明了。 | |
| 410 | 0 | @12001 @a非常魔法 |
| 606 | 0 | @a图形软件@Atu xing ruan jian@xPhotoshop |
| 690 | @aTP391.41@v4 | |
| 701 | 0 | @a黄忠@Ahuang zhong@4主编 |
| 801 | 0 | @aCN@c20071010 |
| 905 | @dTP391.41@eH922 | |
| Photoshop数码照片处理一学就会/黄忠主编.-成都:电子科技大学出版社,2007.03 |
| 199页:图;19cm.-(非常魔法) |
| ISBN 978-7-81114-321-8:CNY12.00 |
| 本套魔法系列内容浅显易懂、丰富、实用、全面,注重技能的培养,实用性强。图文配合,步骤详实,解析清晰明了。 |
| ● |
| 相关链接 |
|
|
|
正题名:Photoshop数码照片处理一学就会
索取号:TP391.41/H922
 
预约/预借
| 序号 | 登录号 | 条形码 | 馆藏地/架位号 | 状态 | 备注 |
| 1 | 254035 | 202540358 | 自科二线404/301自科库 51排7列5层/ [索取号:TP391.41/H922] | 在馆 | |
| 2 | 254036 | 202540367 | 自科库301/301自科库 51排7列5层/ [索取号:TP391.41/H922] | 在馆 | |
| 3 | 254037 | 202540376 | 自科库301/301自科库 87排1列2层/ [索取号:TP391.41/H922] | 在馆 |